000 00508nam a2200169Ia 4500
999 _c22870
_d22870
003 OSt
005 20201014110526.0
008 190216s9999||||xx |||||||||||||| ||und||
040 _coclc
082 _a509.24
_bSAI/A
100 _aSaid, Hakim Mohammed
_95699
245 0 _aAl-Biruni Commemorative Volume /
_cHakim Mohammed Said
260 _bMinistry Of Education,
_c1979.
_aPakistan:
300 _a850p
650 _aIslamic History
942 _cBK
_2ddc
_h509.24
_iSAI/A
_k509.24
_mSAI/A